000 01199nam a2200253Ia 4500
003 OSt
005 20200918114023.0
008 191128t2010 sp a gr 000 0 spa d
020 _a9788466221207
040 _aCO-JMCR
_cCO-JMCR
041 0 _aspa
082 0 4 _a910.452 /
_bG326n
_223
100 1 _aGaneri, Anita,
_eautor
_910486
245 1 0 _aNaufragios misteriosos /
_cAnita Generi
260 _aEspaña :
_bLibsa,
_c©2010
300 _a24 páginas :
_bilustraciones a color ;
_c30 cm.
500 _a"Historias reales de alta mar con hechos ocultos sobre naufragios y tesoros hundidos"--tapa
505 0 _aPérdida del<<monitor>> -- El barco perdido de la salle -- El tesoro del <<atocha>> -- Rms <<Lusitania>>
520 3 _aRelata el naufragio y el redescubrimiento de barcos tan notables como el buque de guerra Tudor Mary Rose, el Titanic, el barco de esclavos Whydah y el galeón español Nuestra Señora de Atocha, con los hechos detrás de las historias explicadas debajo de las aletas
650 1 4 _aLiteratura juvenil
_910487
_xnaufragios
650 1 4 _aLiteratura juvenil
_xlibros con solapa: especímenes.
_910496
650 1 4 _aArqueología subacuática
_910488
_2
942 _2ddc
_cBK
999 _c4637
_d4637